| 000 | 00510nam a22001697a 4500 | ||
|---|---|---|---|
| 999 |
_c18293 _d18293 |
||
| 008 | 200323b xxu||||| |||| 00| 0 eng d | ||
| 020 | _a1403940858 | ||
| 040 |
_aKABU _cKABU |
||
| 050 |
_aHD69 _b.P75M35 2005 c. 1 |
||
| 245 |
_aMaking projects critical _cedited by Damian Hodgson and Svetlana Cicmil |
||
| 260 |
_aLondon _bPalgrave Macmillan _c2005 |
||
| 300 | _axii, 361 p. | ||
| 650 | _aProject management | ||
| 700 | _aHodgson, Damian (ed.) | ||
| 700 | _aCicmil, Svetlana | ||
| 942 |
_2lcc _cBK _hHD69 |
||